All 10k+ cities in Vermont on a Map - Statistics

General Stats
  • This quiz has been taken 131 times
  • The average score is 6 of 11
Answers on the Map
Answers color-coded by a green-red scale on the quiz's map according to % correct below.
 
Answer Stats
City Population % Correct
Burlington 44,743
100%
South Burlington 20,292
85%
Rutland 15,807
77%
Essex 11,540
62%
Bennington 15,333
51%
Brattleboro 12,184
51%
Colchester 17,524
45%
Essex Junction 10,590
45%
Hartford 10,686
32%
Milton 10,723
28%
Williston 10,103
25%
No matching quizzes found
Score Distribution
Percent of People with Each Score
Percentile by Number Answered
Your Score History
You have not taken this quiz